[Event "aut_ychg14 Deutschlandsberg"]
[Site "Deutschlandsberg, Laßnitzhaus"]
[Date "2006.??.??"]
[Round "2.1"]
[White "Bauer, Marie-Christine"]
[Black "Newrkla, Katharina"]
[Result "0-1"]
[WhiteElo "1510"]
[BlackElo "1700"]
[PlyCount "61"]
[EventDate "2006.06.03"]

1. e4 c5 2. Nf3 d6 3. c3 Nf6 4. Be2 g6 5. O-O Bg7 6. Bb5+ Bd7 7. Bxd7+ Nfxd7 8.
d4 Nc6 9. Re1 O-O 10. Be3 b5 11. a3 Qc7 12. Nbd2 Rfc8 13. Qe2 Rab8 14. Rec1 Qd8
15. Nf1 Na5 16. N1d2 Nc6 17. b3 a5 18. Rab1 b4 19. axb4 axb4 20. Qd3 bxc3 21.
Rxc3 cxd4 22. Nxd4 Nc5 23. Qc4 Rb4 24. Nxc6 Rxc4 25. Nxd8 Rxc3 26. Bxc5 R3xc5
27. Nb7 Rb5 28. Nxd6 exd6 29. g3 Rc2 30. Nf3 Rc3 31. Nd2 0-1

[Event "aut_ychg14 Deutschlandsberg"]
[Site "Deutschlandsberg, Laßnitzhaus"]
[Date "2006.??.??"]
[Round "2.2"]
[White "Vergeiner, Sandra"]
[Black "Berghofer, Anja"]
[Result "0-1"]
[WhiteElo "1368"]
[BlackElo "1589"]
[PlyCount "54"]
[EventDate "2006.06.03"]

1. e4 c5 2. Nf3 d6 3. Bc4 Nc6 4. Nc3 Bg4 5. O-O Nf6 6. d3 a6 7. Bg5 e6 8. h3
Bh5 9. Re1 Ne5 10. g4 Bg6 11. h4 Nexg4 12. d4 cxd4 13. Nxd4 h6 14. Bxf6 Nxf6
15. e5 dxe5 16. Rxe5 Bd6 17. Re1 O-O 18. Be2 Qb8 19. h5 Bh2+ 20. Kh1 Ne4 21.
Rf1 Nxc3 22. bxc3 Bf5 23. Nxf5 exf5 24. Qd3 Qf4 25. f3 Qh4 26. Qd4 Bf4+ 27. Kg1
Qh2# 0-1

[Event "aut_ychg14 Deutschlandsberg"]
[Site "Deutschlandsberg, Laßnitzhaus"]
[Date "2006.??.??"]
[Round "2.3"]
[White "Steininger, Sandra"]
[Black "Konrad, Jasmin"]
[Result "1/2-1/2"]
[WhiteElo "1631"]
[BlackElo "1471"]
[PlyCount "80"]
[EventDate "2006.06.03"]

1. d4 d5 2. c4 Bf5 3. Nc3 e6 4. Nf3 Nc6 5. Bf4 Bd6 6. Bxd6 Qxd6 7. e3 Nf6 8.
Nb5 Qb4+ 9. Qd2 Qxd2+ 10. Nxd2 Rc8 11. a3 a6 12. Nc3 O-O 13. Be2 Rcd8 14. O-O
e5 15. dxe5 Nxe5 16. cxd5 Nxd5 17. Nxd5 Rxd5 18. Nf3 Nxf3+ 19. Bxf3 Rb5 20. b4
Rd8 21. Rfd1 Rxd1+ 22. Rxd1 h6 23. h3 c6 24. Be2 Rd5 25. Rxd5 cxd5 26. g4 Bd7
27. Kg2 g5 28. Kf1 Kg7 29. Bf3 Be6 30. Ke2 Kf6 31. Kd3 Ke5 32. Bg2 f5 33. f3
fxg4 34. hxg4 b6 35. Bf1 a5 36. bxa5 bxa5 37. Be2 Bd7 38. Kc3 Bc6 39. Kd3 Bd7
40. Kc3 Bc6 1/2-1/2

[Event "aut_ychg14 Deutschlandsberg"]
[Site "Deutschlandsberg, Laßnitzhaus"]
[Date "2006.??.??"]
[Round "2.4"]
[White "Anker, Christin"]
[Black "Gavric, Dragana"]
[Result "1-0"]
[WhiteElo "1364"]
[BlackElo "1311"]
[PlyCount "67"]
[EventDate "2006.06.03"]

1. e4 c5 2. Nf3 e6 3. d4 cxd4 4. Nxd4 Nc6 5. Nc3 a6 6. Be3 Qc7 7. Be2 Nf6 8.
Qd2 Be7 9. O-O O-O 10. f4 e5 11. Nf5 Bb4 12. Bd3 d5 13. exd5 e4 14. dxc6 Bxf5
15. cxb7 Qxb7 16. Be2 Rfd8 17. Qe1 Rac8 18. Rd1 Rxd1 19. Qxd1 Ba5 20. Bc1 Qb6+
21. Kh1 Bxc3 22. bxc3 Rxc3 23. Bxa6 h6 24. Be2 Qc6 25. Qd8+ Kh7 26. Bd1 e3 27.
a3 e2 28. Bxe2 Rxc2 29. Qd1 Bg4 30. Bd3+ g6 31. Qxc2 Qb6 32. Bb2 Nd5 33. Qf2
Qc6 34. Be4 1-0

[Event "aut_ychb12 Deutschlandsberg"]
[Site "Deutschlandsberg, Laßnitzhaus"]
[Date "2006.??.??"]
[Round "3.1"]
[White "Duan, Felix"]
[Black "Schnegg, Martin"]
[Result "0-1"]
[WhiteElo "1372"]
[BlackElo "1747"]
[PlyCount "50"]
[EventDate "2006.06.03"]

1. d4 d5 2. c4 c6 3. Nc3 Nf6 4. Nf3 e6 5. Bg5 Bd6 6. e4 dxe4 7. Nxe4 Bb4+ 8.
Nfd2 Qxd4 9. Nxf6+ gxf6 10. Qb3 fxg5 11. Qxb4 Na6 12. Qa3 Bd7 13. Nf3 Qe4+ 14.
Be2 g4 15. Nh4 O-O-O 16. f3 gxf3 17. Nxf3 e5 18. Qe7 Be6 19. Kf2 Bxc4 20. Bxc4
Qxc4 21. Qxe5 Nc5 22. Qf5+ Kb8 23. b3 Nd3+ 24. Kg3 Rhg8+ 25. Kh3 Nf2# 0-1

[Event "aut_ychb12 Deutschlandsberg"]
[Site "Deutschlandsberg, Laßnitzhaus"]
[Date "2006.??.??"]
[Round "3.2"]
[White "Klocker, Elias"]
[Black "Liao, Kevin"]
[Result "1-0"]
[WhiteElo "1539"]
[BlackElo "1525"]
[PlyCount "67"]
[EventDate "2006.06.03"]

1. e4 e5 2. Nf3 Nc6 3. Nc3 Bc5 4. Nxe5 Bxf2+ 5. Kxf2 Nxe5 6. d4 Ng6 7. Be3 N8e7
8. Bc4 d6 9. Rf1 O-O 10. Kg1 Be6 11. Bb3 Bxb3 12. axb3 Nc6 13. Qd2 h6 14. Rf3
Nb4 15. Raf1 Qd7 16. Ne2 Nc6 17. Nf4 Nxf4 18. Bxf4 Ne7 19. Rg3 Ng6 20. Be3 Qe6
21. h4 Kh7 22. h5 Ne7 23. Qd3 Kh8 24. d5 Qd7 25. Bxh6 Kh7 26. Bxg7 Qe8 27. Rf6
Ng6 28. Rgxg6 fxg6 29. Rxf8 Qxf8 30. Bxf8 Rxf8 31. hxg6+ Kxg6 32. e5+ Kf7 33.
e6+ Ke7 34. Qh7+ 1-0

[Event "aut_ychb12 Deutschlandsberg"]
[Site "Deutschlandsberg, Laßnitzhaus"]
[Date "2006.??.??"]
[Round "3.3"]
[White "Pilsan, Aaron"]
[Black "Wertjanz, David"]
[Result "0-1"]
[WhiteElo "1459"]
[BlackElo "1743"]
[PlyCount "140"]
[EventDate "2006.06.03"]

1. c4 Nf6 2. Nc3 b6 3. Nf3 e6 4. d4 Bb7 5. e3 Be7 6. Be2 O-O 7. O-O d5 8. b3
Nbd7 9. Bb2 c5 10. Qc2 Rc8 11. cxd5 Nxd5 12. Nxd5 exd5 13. Qd2 Bf6 14. Rfe1 Re8
15. Rac1 Qe7 16. Bb5 a6 17. Be2 cxd4 18. Rxc8 Rxc8 19. exd4 Qd6 20. Bd3 g6 21.
Bc3 Qf8 22. Bb4 Qg7 23. Bc2 a5 24. Be7 Ba6 25. Bxf6 Qxf6 26. Bd3 Bxd3 27. Qxd3
Qf4 28. g3 Qd6 29. Qe2 Nf6 30. Qe7 Qxe7 31. Rxe7 Ne4 32. Rb7 Rc1+ 33. Kg2 Rc2
34. Rxb6 Rxf2+ 35. Kh3 Rxf3 36. Rb5 Rd3 37. Rxd5 Nc3 38. Rc5 Nxa2 39. Rxa5 Nb4
40. Ra8+ Kg7 41. Rd8 Kf6 42. Rd7 Ke6 43. Rd8 Rxb3 44. Rb8 Kd5 45. Rd8+ Kc4 46.
Rc8+ Kxd4 47. Rd8+ Ke5 48. Re8+ Kf6 49. Rb8 Rb2 50. Rb6+ Kg7 51. Rb7 h5 52. Kh4
Rxh2+ 53. Kg5 Nd5 54. Rd7 Nf6 55. Rd4 Nh7+ 56. Kf4 h4 57. Kf3 hxg3 58. Kxg3 Rb2
59. Kf4 g5+ 60. Kg4 Rb5 61. Rc4 Nf6+ 62. Kf3 g4+ 63. Kg3 Rb3+ 64. Kh4 Kg6 65.
Rxg4+ Nxg4 66. Kxg4 Rb4+ 67. Kf3 Kg5 68. Ke3 Kf5 69. Kd3 Ke5 70. Kc3 Rh4 0-1

[Event "aut_ychb12 Deutschlandsberg"]
[Site "Deutschlandsberg, Laßnitzhaus"]
[Date "2006.??.??"]
[Round "3.4"]
[White "Hoertnagl, Martin"]
[Black "Kessler, Luca"]
[Result "0-1"]
[WhiteElo "1420"]
[BlackElo "1663"]
[PlyCount "70"]
[EventDate "2006.06.03"]

1. d4 Nf6 2. c4 g6 3. Nc3 d5 4. Nf3 Bg7 5. Bg5 c6 6. e3 O-O 7. Bd3 dxc4 8. Bxc4
Nbd7 9. O-O c5 10. Re1 a6 11. a4 b6 12. Nd5 e6 13. Nxf6+ Nxf6 14. b3 h6 15.
Bxf6 Bxf6 16. Ne5 Qc7 17. Nd3 cxd4 18. exd4 Bxd4 19. Rc1 Qd8 20. Ne5 Bc5 21.
Qxd8 Rxd8 22. Rcd1 Bb7 23. g3 Bb4 24. Rxd8+ Rxd8 25. Re3 Rd1+ 26. Bf1 a5 27.
Rd3 Ra1 28. Nd7 Ba6 29. Nf6+ Kg7 30. Ne8+ Kf8 31. Rd8 Ke7 32. Ra8 Rxf1+ 33. Kg2
Bb7+ 34. Kxf1 Bxa8 35. Nc7 Bc6 0-1

[Event "aut_ychb12 Deutschlandsberg"]
[Site "Deutschlandsberg, Laßnitzhaus"]
[Date "2006.??.??"]
[Round "3.5"]
[White "Kammerer, Gernot"]
[Black "Dalnodar, Bernhard"]
[Result "1/2-1/2"]
[WhiteElo "1626"]
[BlackElo "1620"]
[PlyCount "35"]
[EventDate "2006.06.03"]

1. e4 d5 2. exd5 Qxd5 3. Nc3 Qa5 4. d4 c6 5. Nf3 Nf6 6. Bd2 Qc7 7. Bd3 Bg4 8.
O-O e6 9. Ne4 Nbd7 10. h3 Bh5 11. c3 Nxe4 12. Bxe4 Nf6 13. Qc2 Bg6 14. Bxg6
hxg6 15. Ne5 O-O-O 16. Bf4 Bd6 17. Rfe1 Rh5 18. Qe2 1/2-1/2

[Event "aut_ychb12 Deutschlandsberg"]
[Site "Deutschlandsberg, Laßnitzhaus"]
[Date "2006.??.??"]
[Round "3.6"]
[White "Riemelmoser, Markus"]
[Black "Buchner, Gernot"]
[Result "1/2-1/2"]
[WhiteElo "1505"]
[BlackElo "1499"]
[PlyCount "69"]
[EventDate "2006.06.03"]

1. Nf3 c6 2. c4 d5 3. b3 Bg4 4. Ne5 Bf5 5. g3 Nd7 6. Bb2 Nxe5 7. Bxe5 e6 8. d3
Nf6 9. Bg2 h6 10. O-O Bd6 11. Bb2 O-O 12. Nd2 Bh7 13. Rc1 Qe7 14. Rc2 Bb4 15.
Qa1 Ne8 16. a3 Bxd2 17. Rxd2 f6 18. Rc2 Nd6 19. Rd2 Rac8 20. Rc1 dxc4 21. bxc4
e5 22. Qa2 Kh8 23. a4 c5 24. f3 b6 25. a5 Rb8 26. axb6 axb6 27. Ra1 Ra8 28. Qb1
Nxc4 29. Rxa8 Rxa8 30. Rd1 Nxb2 31. Qxb2 Qd6 32. f4 Rb8 33. fxe5 fxe5 34. Kh1
Qd4 35. Qa2 1/2-1/2

[Event "aut_ychb12 Deutschlandsberg"]
[Site "Deutschlandsberg, Laßnitzhaus"]
[Date "2006.??.??"]
[Round "3.7"]
[White "Ly, Daniel"]
[Black "Handler, Lukas"]
[Result "1/2-1/2"]
[WhiteElo "1504"]
[BlackElo "1444"]
[PlyCount "104"]
[EventDate "2006.06.03"]

1. d4 d5 2. c4 e6 3. Nf3 Nf6 4. g3 Be7 5. Bg2 O-O 6. O-O Nbd7 7. b3 b6 8. Nbd2
Bb7 9. Qc2 c5 10. Bb2 h6 11. Rac1 Rc8 12. Qb1 Rc7 13. Rfd1 Qa8 14. Ne5 dxc4 15.
Bxb7 Qxb7 16. Ndxc4 Rfc8 17. Nf3 Nd5 18. Nfe5 Nxe5 19. dxe5 Rd8 20. e4 Nb4 21.
Rxd8+ Bxd8 22. Nd6 Qb8 23. Rd1 Rd7 24. a3 Nc6 25. Rd2 Bc7 26. Qd1 Na5 27. f4
Nb7 28. Nxb7 Rxd2 29. Qxd2 Qxb7 30. Qd3 Qc6 31. f5 b5 32. b4 c4 33. Qc2 Qd7 34.
Kf2 Bb6+ 35. Ke2 Kf8 36. Qd2 Ke8 37. Qd6 Bc7 38. Qxd7+ Kxd7 39. Kf3 a5 40. Bc3
Kc6 41. fxe6 fxe6 42. Kg4 g6 43. h4 axb4 44. axb4 Kd7 45. Kf3 Ke7 46. g4 Kf7
47. Ke3 Bd8 48. h5 Bb6+ 49. Kf3 Kg7 50. Ke2 Kf7 51. Kf3 Bd8 52. Ke2 g5 1/2-1/2

[Event "aut_ychb12 Deutschlandsberg"]
[Site "Deutschlandsberg, Laßnitzhaus"]
[Date "2006.??.??"]
[Round "3.8"]
[White "Posch, Florian"]
[Black "Steiner, Lucia"]
[Result "0-1"]
[WhiteElo "1396"]
[BlackElo "1403"]
[PlyCount "82"]
[EventDate "2006.06.03"]

1. e4 e5 2. Nf3 Nc6 3. Bc4 Bc5 4. d3 h6 5. Nc3 Nf6 6. O-O O-O 7. Be3 Bb6 8. Nd5
d6 9. h3 Be6 10. Qd2 Kh7 11. c3 Na5 12. Nxb6 axb6 13. Bxe6 fxe6 14. b4 Nc6 15.
b5 Ne7 16. Rfc1 d5 17. exd5 exd5 18. Nxe5 Qe8 19. c4 dxc4 20. dxc4 Ng6 21. Nxg6
Qxg6 22. Qc2 Qxc2 23. Rxc2 Rad8 24. Rd2 Rxd2 25. Bxd2 Ne4 26. Be3 Nc3 27. Bd4
Ne2+ 28. Kf1 Nxd4 29. Rd1 Nf5 30. Rd3 Nd6 31. c5 bxc5 32. b6 Nb5 33. a4 Nd4 34.
bxc7 Rc8 35. Ke1 Rxc7 36. Kd2 Kg6 37. Kc3 b6 38. Kc4 Kf5 39. Re3 Rd7 40. Ra3
Ke5 41. Re3+ Kd6 0-1

[Event "aut_ychb12 Deutschlandsberg"]
[Site "Deutschlandsberg, Laßnitzhaus"]
[Date "2006.??.??"]
[Round "3.9"]
[White "Strantz, Joerg"]
[Black "Stolzlechner, Andreas"]
[Result "1/2-1/2"]
[WhiteElo "1375"]
[BlackElo "1534"]
[PlyCount "174"]
[EventDate "2006.06.03"]

1. d4 g6 2. c4 Bg7 3. Nc3 d6 4. Bg5 c6 5. h3 Qb6 6. e3 Qxb2 7. Qc1 Qxc1+ 8.
Rxc1 h6 9. Bh4 Nd7 10. Nf3 Nb6 11. c5 dxc5 12. dxc5 Nd7 13. Ne4 Ngf6 14. Nxf6+
Nxf6 15. Be2 O-O 16. O-O Be6 17. a3 Rad8 18. Rb1 Rd7 19. Ne5 Rc7 20. Bg3 Ne4
21. Nf3 Nxg3 22. fxg3 Rd8 23. a4 Bf5 24. Rb4 a5 25. Rc4 Be6 26. Rcc1 Bb2 27.
Rc2 Ba3 28. Rc3 Bb4 29. Rcc1 Ba3 30. Rc3 Bb4 31. Rcc1 Rd5 32. Kf2 Rxc5 33. Rxc5
Bxc5 34. Nd4 Bd5 35. Rc1 Bd6 36. Bf3 Bxf3 37. gxf3 Rd7 38. f4 e5 39. Ne2 exf4
40. gxf4 Bb4 41. Nd4 c5 42. Nb5 Rd2+ 43. Kf3 b6 44. Nc3 Rd3 45. Nb5 Bd2 46. Rd1
Rxe3+ 47. Kf2 Rxh3 48. Rxd2 Rh2+ 49. Ke3 Rxd2 50. Kxd2 Kg7 51. Nc3 f5 52. Ke3
Kf6 53. Nd5+ Ke6 54. Nxb6 Kd6 55. Nc4+ Kd5 56. Nb6+ Kc6 57. Nc4 h5 58. Ne5+ Kd5
59. Nxg6 Kc4 60. Kd2 Kb3 61. Kc1 Kxa4 62. Nh4 Kb5 63. Nxf5 Kc6 64. Nh4 Kd5 65.
f5 c4 66. Kb2 Kc5 67. Kc3 Kd5 68. Kb2 Kc5 69. Ng6 Kd5 70. Kc3 a4 71. Kb2 Kd6
72. Ka3 Kd5 73. Kb4 Kd4 74. f6 c3 75. f7 c2 76. Nf4 Ke3 77. Ng2+ Ke2 78. Nf4+
Ke3 79. Nd5+ Kd2 80. f8=Q c1=Q 81. Qh6+ Kc2 82. Qg6+ Kd2 83. Qg5+ Kc2 84. Ne3+
Kb1 85. Qf5+ Ka1 86. Nc2+ Kb1 87. Na3+ Ka1 1/2-1/2

[Event "aut_ychb12 Deutschlandsberg"]
[Site "Deutschlandsberg, Laßnitzhaus"]
[Date "2006.??.??"]
[Round "3.10"]
[White "Kainz, Jakob"]
[Black "Cortolezis, Leander"]
[Result "0-1"]
[WhiteElo "1283"]
[BlackElo "1523"]
[PlyCount "72"]
[EventDate "2006.06.03"]

1. e4 e5 2. Nf3 Nc6 3. Nc3 Nf6 4. d4 d6 5. dxe5 dxe5 6. Qxd8+ Kxd8 7. Bg5 Be7
8. O-O-O+ Bd7 9. Bb5 Ke8 10. Rd2 a6 11. Bxc6 Bxc6 12. Bxf6 Bxf6 13. Rhd1 Rd8
14. Rxd8+ Bxd8 15. Nxe5 Bg5+ 16. Kb1 Bf6 17. f4 Bxe5 18. fxe5 Ke7 19. Rf1 Ke6
20. Rf5 Rf8 21. g4 g6 22. Rf2 Kxe5 23. Re2 Rd8 24. Rf2 f6 25. h4 Bxe4 26. g5 f5
27. b3 Rd4 28. Re2 f4 29. Nxe4 Rxe4 30. Rxe4+ Kxe4 31. Kc1 Ke3 32. Kd1 Kf2 33.
Kd2 Kg2 34. Ke2 f3+ 35. Ke1 f2+ 36. Ke2 f1=Q+ 0-1

[Event "aut_ychb14 Deutschlandsberg"]
[Site "Deutschlandsberg, Laßnitzhaus"]
[Date "2006.??.??"]
[Round "3.1"]
[White "Widhalm, Florian"]
[Black "Schreiner, Peter"]
[Result "0-1"]
[WhiteElo "1787"]
[BlackElo "1878"]
[PlyCount "92"]
[EventDate "2006.06.03"]

1. e4 c5 2. Nf3 d6 3. d4 cxd4 4. Nxd4 Nf6 5. Nc3 g6 6. Be2 Bg7 7. Be3 O-O 8.
O-O Nc6 9. Nxc6 bxc6 10. Qd2 Rb8 11. Rab1 Rb4 12. f3 Be6 13. a3 Rb7 14. Bh6
Qb6+ 15. Kh1 Rfb8 16. Bxg7 Kxg7 17. g4 Qa5 18. g5 Nd7 19. b3 d5 20. Ra1 Qc5 21.
b4 Qd6 22. Rad1 Nb6 23. exd5 Bxd5 24. Nxd5 cxd5 25. f4 Rc7 26. Qd4+ Kg8 27. c3
Na4 28. Rf3 Rbc8 29. Rc1 Qe6 30. Re3 Qb6 31. Qxb6 axb6 32. Ba6 Rxc3 33. Rcxc3
Rxc3 34. Rxc3 Nxc3 35. Kg2 Kf8 36. Kf3 d4 37. a4 Nd5 38. b5 Ke8 39. Ke4 d3 40.
Kxd3 Nxf4+ 41. Kc4 Kd7 42. Bb7 Kc7 43. Bd5 Nxd5 44. Kxd5 f5 45. Ke5 e6 46. h4
Kd7 0-1

[Event "aut_ychb14 Deutschlandsberg"]
[Site "Deutschlandsberg, Laßnitzhaus"]
[Date "2006.??.??"]
[Round "3.2"]
[White "Halvax, Georg"]
[Black "Schnegg, Daniel"]
[Result "1-0"]
[WhiteElo "1883"]
[BlackElo "1816"]
[PlyCount "35"]
[EventDate "2006.06.03"]

1. e4 Nf6 2. Nc3 d5 3. exd5 Nxd5 4. Nxd5 Qxd5 5. Nf3 Bf5 6. d4 Qe4+ 7. Be3 Qxc2
8. Qxc2 Bxc2 9. Rc1 Be4 10. Rxc7 Bc6 11. Ne5 Kd8 12. Rxc6 Nxc6 13. Nxf7+ Ke8
14. Nxh8 g6 15. d5 Ne5 16. Bb5+ Kd8 17. Bd4 Rc8 18. O-O 1-0

[Event "aut_ychb14 Deutschlandsberg"]
[Site "Deutschlandsberg, Laßnitzhaus"]
[Date "2006.??.??"]
[Round "3.3"]
[White "Hofer, Christian"]
[Black "Azad, Razik"]
[Result "0-1"]
[WhiteElo "1695"]
[BlackElo "1846"]
[PlyCount "76"]
[EventDate "2006.06.03"]

1. d4 Nf6 2. Nf3 e6 3. Bg5 h6 4. Bh4 Be7 5. e3 c5 6. c3 b6 7. Bd3 Bb7 8. Nbd2
O-O 9. O-O d6 10. Rc1 Nbd7 11. Bb1 e5 12. Qc2 e4 13. Ne1 cxd4 14. exd4 d5 15.
Qa4 Qc7 16. Bg3 Bd6 17. Bxd6 Qxd6 18. Nc2 b5 19. Qa3 Qf4 20. Ne3 g6 21. Nb3 h5
22. Nc5 Nxc5 23. Qxc5 a6 24. Qb4 Ng4 25. Nxg4 hxg4 26. Qe7 Bc8 27. Qh4 Kg7 28.
Qg3 Qf6 29. Rcd1 Rh8 30. Qe5 Qxe5 31. dxe5 Be6 32. Rde1 Rh5 33. f3 gxf3 34.
gxf3 Bh3 35. Rf2 Rg5+ 36. Kh1 exf3 37. Re3 Bg2+ 38. Kg1 Re8 0-1

[Event "aut_ychb14 Deutschlandsberg"]
[Site "Deutschlandsberg, Laßnitzhaus"]
[Date "2006.??.??"]
[Round "3.4"]
[White "Lumetzberger, Dominik"]
[Black "Binder, Michael"]
[Result "1/2-1/2"]
[WhiteElo "1673"]
[BlackElo "1818"]
[PlyCount "91"]
[EventDate "2006.06.03"]

1. d4 Nf6 2. c4 g6 3. Nf3 Bg7 4. g3 O-O 5. Bg2 d6 6. Nbd2 Nc6 7. e4 e5 8. d5
Ne7 9. O-O Nd7 10. b4 a5 11. b5 b6 12. Rb1 f5 13. Ng5 Nc5 14. Nb3 Nxe4 15. Nxe4
fxe4 16. Bxe4 Nf5 17. g4 Nh6 18. h3 Qh4 19. Qd3 Nf7 20. Qg3 Qxg3+ 21. fxg3 Bd7
22. Be3 Bh6 23. Bxh6 Nxh6 24. Rxf8+ Rxf8 25. Rf1 Rf7 26. Nd2 Rxf1+ 27. Kxf1 Nf7
28. Kg2 Ng5 29. a3 Kg7 30. Bf3 h6 31. h4 Nh7 32. Ne4 Be8 33. Kf2 g5 34. h5 Kf7
35. Ke3 Ke7 36. Ke2 Bf7 37. Kd3 Bg8 38. Be2 Nf8 39. Ke3 Nd7 40. Bd3 Bh7 41. Nf2
Bxd3 42. Nxd3 Kf7 43. Kf3 Ke7 44. Ke3 Nf6 45. Nf2 Kf7 46. Kf3 1/2-1/2

[Event "aut_ychb14 Deutschlandsberg"]
[Site "Deutschlandsberg, Laßnitzhaus"]
[Date "2006.??.??"]
[Round "3.5"]
[White "Hartl, Daniel"]
[Black "Stagl, Marco"]
[Result "1-0"]
[WhiteElo "1865"]
[BlackElo "1581"]
[PlyCount "73"]
[EventDate "2006.06.03"]

1. e4 d5 2. e5 c5 3. c3 Nc6 4. d4 Qb6 5. dxc5 Qxc5 6. b4 Qb6 7. Qxd5 Bf5 8. Nf3
e6 9. Qb3 Qc7 10. Bb5 Nge7 11. O-O a6 12. Bxc6+ Nxc6 13. Re1 Be7 14. Na3 g5 15.
Qa4 O-O 16. Qb3 Rad8 17. Bxg5 Bxg5 18. Nxg5 Nxe5 19. Ne4 Ng4 20. Ng3 Rd2 21.
Rf1 Qf4 22. Qc4 Qh6 23. h3 b5 24. Nxf5 exf5 25. Qc5 Nf6 26. Qb6 Kh8 27. Rfd1
Re2 28. Rd6 Re6 29. Rxe6 fxe6 30. Qxe6 Qg5 31. Rd1 Rg8 32. g3 Ne4 33. Qe5+ Rg7
34. Rd7 Nf6 35. Rd8+ Ng8 36. Rxg8+ Kxg8 37. Qe8# 1-0

[Event "aut_ychb14 Deutschlandsberg"]
[Site "Deutschlandsberg, Laßnitzhaus"]
[Date "2006.??.??"]
[Round "3.6"]
[White "Wertjanz, Daniel"]
[Black "Kozomara, David"]
[Result "0-1"]
[WhiteElo "1625"]
[BlackElo "1715"]
[PlyCount "90"]
[EventDate "2006.06.03"]

1. d4 d5 2. Bf4 Bf5 3. Nf3 Nd7 4. e3 e6 5. Be2 Ngf6 6. h3 Be7 7. Nbd2 Rc8 8.
O-O O-O 9. Ne5 c5 10. c3 Qb6 11. Qb3 cxd4 12. Qxb6 Nxb6 13. exd4 Nbd7 14. Ndf3
a6 15. a4 Rfd8 16. Nxd7 Nxd7 17. Ne5 Nxe5 18. Bxe5 f6 19. Bg3 Kf7 20. Rfe1 Bd6
21. Bxd6 Rxd6 22. a5 e5 23. dxe5 fxe5 24. Bg4 Bxg4 25. hxg4 Re8 26. f3 Ree6 27.
Rad1 Kf6 28. Kf2 Re7 29. Rd3 g6 30. c4 d4 31. c5 Rc6 32. b4 Ke6 33. f4 Kd5 34.
fxe5 Rxe5 35. Rxe5+ Kxe5 36. Ke2 Rc7 37. g3 Kd5 38. Kf3 Kc4 39. Rd1 Rd7 40. Rb1
d3 41. Ke3 d2 42. b5 d1=Q 43. Rxd1 Rxd1 44. c6 bxc6 45. bxc6 Rd6 0-1

[Event "aut_ychb14 Deutschlandsberg"]
[Site "Deutschlandsberg, Laßnitzhaus"]
[Date "2006.??.??"]
[Round "3.7"]
[White "Dimitriadis, Philipp"]
[Black "Gerhold, Christoph"]
[Result "1-0"]
[WhiteElo "1646"]
[BlackElo "1634"]
[PlyCount "127"]
[EventDate "2006.06.03"]

1. e4 c5 2. Nf3 d6 3. d4 cxd4 4. Nxd4 Nf6 5. Nc3 a6 6. Be2 e5 7. Nf3 Be7 8. O-O
O-O 9. Bg5 Be6 10. Qd2 Nbd7 11. Rfd1 b5 12. h3 Rc8 13. a3 h6 14. Bh4 Qc7 15.
Rac1 Qc6 16. Qe3 Rfe8 17. Rd2 Rcd8 18. Rcd1 Nb6 19. Bd3 Bc4 20. b3 Be6 21. Na2
a5 22. Nc1 a4 23. Qe2 Bd7 24. Na2 Qc5 25. Nb4 axb3 26. cxb3 Qc7 27. Bxf6 Bxf6
28. Bxb5 Bxb5 29. Qxb5 Be7 30. Nc6 Rd7 31. Nxe7+ Rexe7 32. a4 Re8 33. Qb4 Red8
34. a5 Nc8 35. Qa4 f6 36. b4 Qb7 37. b5 Qa7 38. b6 Qa6 39. Rc2 Kh8 40. Qb4 Ne7
41. Rc7 Rxc7 42. bxc7 Rc8 43. Rxd6 Qa8 44. Qb6 Qxe4 45. Rd8+ Kh7 46. Rxc8 Nxc8
47. Qb8 Qf5 48. a6 e4 49. Nd4 Qc5 50. Ne2 Na7 51. Qxa7 Qxa7 52. c8=Q Qb6 53.
Qb7 Qa5 54. Qxe4+ Kg8 55. Qa8+ Kh7 56. a7 Qa1+ 57. Kh2 Qe5+ 58. Ng3 h5 59. Qe4+
Qxe4 60. Nxe4 f5 61. Ng3 h4 62. Nxf5 g6 63. Nxh4 g5 64. a8=Q 1-0

[Event "aut_ychb14 Deutschlandsberg"]
[Site "Deutschlandsberg, Laßnitzhaus"]
[Date "2006.??.??"]
[Round "3.8"]
[White "Mrakotsky, Mario"]
[Black "Singer, Gerald"]
[Result "1-0"]
[WhiteElo "1485"]
[BlackElo "1669"]
[PlyCount "74"]
[EventDate "2006.06.03"]

1. e4 c6 2. d4 d5 3. Nc3 dxe4 4. Nxe4 Bf5 5. Ng3 Bg6 6. Nf3 Nd7 7. Be2 Ngf6 8.
O-O e6 9. Bg5 Be7 10. Qd2 h6 11. Bf4 O-O 12. c3 Nd5 13. Rfe1 Nxf4 14. Qxf4 Nf6
15. Qd2 Nd5 16. Bd3 Bxd3 17. Qxd3 Qb6 18. Qd2 Rfd8 19. Ne4 Nf6 20. Ng3 c5 21.
Nf5 Bf8 22. Ng3 cxd4 23. cxd4 Bb4 24. Qe2 Bxe1 25. Rxe1 Rac8 26. Rd1 Nd5 27.
Ne5 Qa6 28. Qf3 Nf6 29. h3 Qb6 30. Nh5 Qb4 31. Nxf6+ gxf6 32. Qxf6 Qf8 33. Rd3
Rc7 34. Rg3+ Kh7 35. Rg4 Qh8 36. Qf4 Rg8 37. Rh4 Rg5 1-0

[Event "aut_ychb14 Deutschlandsberg"]
[Site "Deutschlandsberg, Laßnitzhaus"]
[Date "2006.??.??"]
[Round "3.9"]
[White "Banczi, Thomas"]
[Black "Peschek, Marcel"]
[Result "0-1"]
[WhiteElo "1415"]
[BlackElo "1549"]
[PlyCount "146"]
[EventDate "2006.06.03"]

1. e4 c5 2. Nf3 Nc6 3. Bc4 e6 4. Nc3 d6 5. d3 a6 6. a3 Be7 7. Qd2 Nf6 8. Qg5
O-O 9. O-O Nxe4 10. Qf4 Nf6 11. Qg3 d5 12. Bb3 Bd6 13. Qh4 Nd7 14. Bg5 Be7 15.
Bxe7 Qxe7 16. Qxe7 Nxe7 17. Rfe1 Nc6 18. Ng5 d4 19. Nce4 h6 20. Nf3 b6 21. Nd6
Rd8 22. Re2 Nf6 23. Nc4 b5 24. Nce5 Bb7 25. Rd1 Nxe5 26. Nxe5 Rac8 27. Ba2 Bd5
28. b3 Bb7 29. h3 Nd5 30. Ra1 Nf4 31. Rd2 Nxg2 32. b4 Nf4 33. Kh2 h5 34. Kg3
Ng6 35. Nxg6 fxg6 36. Bxe6+ Kf8 37. Bxc8 Rxc8 38. Re1 cxb4 39. axb4 Rd8 40.
Rde2 Rd7 41. Re6 Kf7 42. Kh4 Rc7 43. R1e2 Bf3 44. R2e5 Bb7 45. Kg5 Bc8 46. Rxg6
Rxc2 47. Rc5 Rxc5+ 48. bxc5 Ke7 49. Rxg7+ Ke6 50. f4 a5 51. f5+ Kd5 52. f6 Be6
53. f7 Bxf7 54. Rxf7 Kxc5 55. Rf5+ Kb4 56. Kxh5 a4 57. Rf1 a3 58. Rb1+ Ka4 59.
Kg4 b4 60. h4 a2 61. Ra1 Ka3 62. h5 b3 63. h6 b2 64. h7 bxa1=Q 65. h8=Q Qg1+
66. Kf3 Qe3+ 67. Kg4 a1=Q 68. Qa8+ Kb2 69. Qb7+ Kc2 70. Qc6+ Kd2 71. Kf5 Qf1+
72. Kg6 Qeg1+ 73. Kh5 Qh3# 0-1

[Event "aut_ychb14 Deutschlandsberg"]
[Site "Deutschlandsberg, Laßnitzhaus"]
[Date "2006.??.??"]
[Round "3.10"]
[White "Riemelmoser, Stefan"]
[Black "Ammann, Stephan"]
[Result "0-1"]
[WhiteElo "1581"]
[BlackElo "1370"]
[PlyCount "100"]
[EventDate "2006.06.03"]

1. e4 e5 2. Nf3 Nc6 3. Bb5 a6 4. Ba4 Bc5 5. O-O b5 6. Bb3 Nf6 7. Nxe5 Nxe5 8.
d4 Bb6 9. dxe5 Nxe4 10. Qf3 O-O 11. Qxe4 Bb7 12. Qg4 Kh8 13. Qh5 f6 14. Bf7 Be4
15. Bb3 a5 16. c3 a4 17. Bd1 Bg6 18. Qe2 c6 19. exf6 Qxf6 20. Bc2 Rae8 21. Qd2
Be3 22. Qd1 Bxc2 23. Qxc2 Bxf2+ 24. Kh1 Bc5 25. Bf4 Qxf4 26. Nd2 Qe5 27. Nf3
Qh5 28. Qd2 d5 29. Nd4 Bd6 30. Nf3 Re6 31. Rae1 Rh6 32. h3 Rhf6 33. Qe2 Qf7 34.
Kg1 Bc5+ 35. Nd4 Rxf1+ 36. Rxf1 Qxf1+ 37. Qxf1 Rxf1+ 38. Kxf1 Bxd4 39. cxd4 Kg8
40. Ke2 Kf7 41. Kd3 Kf6 42. Kc3 Kf5 43. Kb4 Ke4 44. Kc5 Kd3 45. g4 g5 46. b3
axb3 47. axb3 Kc3 48. b4 h6 49. Kxc6 Kc4 50. Kd6 Kxd4 0-1

[Event "aut_ychg12 Deutschlandsberg"]
[Site "Deutschlandsberg, Laßnitzhaus"]
[Date "2006.??.??"]
[Round "3.1"]
[White "Kessler, Michaela"]
[Black "Froewis, Annika"]
[Result "1/2-1/2"]
[WhiteElo "1523"]
[BlackElo "1720"]
[PlyCount "70"]
[EventDate "2006.06.03"]

1. e4 e5 2. Nf3 Nc6 3. Nc3 Nf6 4. d4 exd4 5. Nxd4 Bb4 6. Nxc6 Bxc3+ 7. bxc3
bxc6 8. Bd3 h6 9. Qf3 d5 10. exd5 cxd5 11. O-O O-O 12. h3 Be6 13. Re1 Rb8 14.
Be3 a5 15. Bd4 Re8 16. Re3 Nh7 17. h4 Qxh4 18. Rae1 Ng5 19. Qxd5 Qh5 20. Qe5 f6
21. Qxc7 Bxa2 22. Rxe8+ Rxe8 23. Rxe8+ Qxe8 24. Qxa5 Be6 25. Qc7 h5 26. Bc4 h4
27. Bxe6+ Qxe6 28. Qf4 h3 29. Qe3 Qa2 30. Qd3 Qe6 31. Qe3 Qa2 32. Qe2 Qd5 33.
Qe8+ Kh7 34. Qh5+ Kg8 35. Qe8+ Kh7 1/2-1/2